México en el mundo de las colecciones de arte. (Record no. 1074)

MARC details
000 -CABECERA
campo de control de longitud fija 01077nam a2200217 a 4500
001 - NÚMERO DE CONTROL
campo de control BRCA_1201
005 - FECHA Y HORA DE LA ÚLTIMA TRANSACCIÓN
campo de control 20190320203326.0
008 - DATOS DE LONGITUD FIJA--INFORMACIÓN GENERAL
campo de control de longitud fija 950208s1994 mx-a---##b---f000-0#spa-#
020 ## - NÚMERO INTERNACIONAL ESTÁNDAR DEL LIBRO
Número Internacional Estándar del Libro 9686963367 (Obra completa)
050 #4 - SIGNATURA TOPOGRÁFICA DE LA BIBLIOTECA DEL CONGRESO
Número de clasificación N6550
Número de documento/Ítem .M49 1994
245 10 - MENCIÓN DE TÍTULO
Título México en el mundo de las colecciones de arte.
260 ## - PUBLICACIÓN, DISTRIBUCIÓN, ETC.
Lugar de publicación, distribución, etc. México
Nombre del editor, distribuidor, etc. CONACULTA : UNAM, Instituto de Investigaciones Estéticas : Secretaría de Relaciones Exteriores
Fecha de publicación, distribución, etc. 1994
300 ## - DESCRIPCIÓN FÍSICA
Extensión 7 v.
Otras características físicas il. a color
Dimensiones 29 cm.
500 ## - NOTA GENERAL
Nota general La biblioteca solo cuenta con el v.3. Nueva España 1, v.4. Nueva España 2 y v.5. México moderno (este último se encuentra en el L. 13)
500 ## - NOTA GENERAL
Nota general Se cuenta con todos los volúmenes en el Fondo Ruth Lechuga, No. de sist. 482
504 ## - NOTA DE BIBLIOGRAFÍA, ETC.
Nota de bibliografía, etc. Incluye referencias bibliográficas
505 0# - NOTA DE CONTENIDO CON FORMATO
Nota de contenido con formato Contenido : v.1. Mesoamérica 1. -- v.2. Mesoamérica 2. -- v.3. Nueva España 1. -- v.4 Nueva España 2. -- v.5. México moderno. -- v.6. México contemporáneo 1. -- v.7. México contemporáneo 2
650 14 - PUNTO DE ACCESO ADICIONAL DE MATERIA--TÉRMINO DE MATERIA
Término de materia o nombre geográfico como elemento de entrada Arte mexicano
9 (RLIN) 2321
650 14 - PUNTO DE ACCESO ADICIONAL DE MATERIA--TÉRMINO DE MATERIA
Término de materia o nombre geográfico como elemento de entrada Arte
Subdivisión geográfica México
9 (RLIN) 3947
942 ## - ELEMENTOS DE PUNTO DE ACCESO ADICIONAL (KOHA)
Fuente del sistema de clasificación o colocación Library of Congress Classification
Tipo de ítem Koha Libros
Holdings
Estado de retiro Estado de pérdida Estado dañado No para préstamo Localización permanente Ubicación/localización actual Fecha de adquisición Total de préstamos Signatura topográfica completa Código de barras Fecha visto por última vez Precio válido a partir de Tipo de ítem Koha Código de colección
El ejemplar forma parte de la colección y puede ser consultado según las políticas vigentes.       Biblioteca del Museo Franz Mayer (Rogerio Casas-Alatriste) Biblioteca del Museo Franz Mayer (Rogerio Casas-Alatriste) 26/06/2008   N6550 .M49 1994 01711 22/03/2019 22/03/2019 Libros  
El ejemplar forma parte de la colección y puede ser consultado según las políticas vigentes.       Biblioteca del Museo Franz Mayer (Rogerio Casas-Alatriste) Biblioteca del Museo Franz Mayer (Rogerio Casas-Alatriste) 29/10/2010   N6550 .M49 1994 01712 22/03/2019 22/03/2019 Libros  
El ejemplar forma parte de la colección y puede ser consultado según las políticas vigentes.       Biblioteca del Museo Franz Mayer (Rogerio Casas-Alatriste) Biblioteca del Museo Franz Mayer (Rogerio Casas-Alatriste) 05/11/2010   N6550 .M49 1994 02052 22/03/2019 22/03/2019 Libros Acervo General